[Event "Piestany Slovakia op-B"]
[Site "Piestany"]
[Date "2022.07.14"]
[Round "5"]
[White "Siri, Sharma"]
[Black "Simansky, Samuel"]
[Result "0-1"]
[WhiteElo "1343"]
[BlackElo "1000"]
[PlyCount "56"]
[EventDate "2022.07.11"]
[EventType "swiss"]
[EventRounds "9"]
[EventCountry "SVK"]
[SourceTitle "CBM 209 Extra"]
[Source "ChessBase"]
[SourceDate "2022.09.30"]
[SourceVersion "1"]
[SourceVersionDate "2022.09.30"]
[SourceQuality "1"]

1. e4 c5 2. Nf3 d6 3. d4 cxd4 4. Nxd4 Nf6 5. Nc3 e5 6. Bb5+ Bd7 7. Bxd7+ Qxd7 8. Nf5 Nc6 9. Bg5 Nxe4 10. Nxg7+ Bxg7 11. Nxe4 d5 12. Nf6+ Bxf6 13. Bxf6 Rg8 14. Rg1 Qf5 15. Bh4 Qe4+ 16. Qe2 Qxh4 17. 0-0-0 0-0-0 18. Kb1 Qc4 19. Qf3 Nb4 20. Qf5+ Rd7 21. a3 Qa2+ 22. Kc1 Nc6 23. c3 Rgd8 24. Qxh7 d4 25. Qh3 Qb3 26. Rd3 e4 27. Rd2 d3 28. Kb1 Na5 0-1